000 00697nam a2200289Ia 4500
005 20260324125634.0
008 008 260324s9999 xx 000 0 eng d
020 _a9780203889077
037 _aEBOOK
040 _aCRL
040 _beng
040 _cCRL
041 _2eng
041 _aeng
084 _qCRL
100 _aDavid Critchley
_91178736
245 4 _aThe Origin of Organized Crime in America
245 4 _bThe New York City Mafia, 1891–1931
260 _bTaylor and Francis
260 _c2008
365 _a
365 _b230
856 _uhttp://www.taylorfrancis.com/books/9780203889077
942 _cEBOOK
999 _c1774193
_d1774193